000 00426nab a2200145Ia 4500
003 ES-SlBCS
005 20210601134918.0
008 140529s1975 xxu||||| |||| 00| 0 spa d
041 _aspa
100 1 _aLara Guitard, Alfredo
_972098
245 0 0 _aAutomatización en la medicina del mañana
_c Alfredo Lara Guitard
650 0 4 _aMedicina
_914377
773 0 _tArbor
_gvol. 91, nº. 353, 1975, págs. 57-70
_wRev54
942 _cAR
999 _c619918
_d619918